| 000 | 00788nam a2200217Ii 4500 | ||
|---|---|---|---|
| 003 | JO-AjNU | ||
| 008 | 230605s9999||||xx |||||||||||||| ||und|| | ||
| 017 | _a1994/3231 | ||
| 020 | _a977-03-0180-9 | ||
| 040 |
_aJO-AjNU _bara _erda _cJO-AjNU |
||
| 041 | _aara | ||
| 050 | 1 | 4 | _aGV837.7 1994 |
| 100 | 3 |
_aالبيك، علي، م.مشارك حلمى، عصام، م.مشارك النموري، عادل, _eauthor _937364 |
|
| 245 | 0 | 0 | _aاتجاهات حديثة في تعليم السباحة |
| 264 | 3 | 1 | _aالاسكندرية: منشأة المعارف، 1994 |
| 300 |
_a162ص _bصور توضبحية |
||
| 336 |
_atext _btxt _2rdacontent |
||
| 337 |
_aunmediated _bn _2rdamedia |
||
| 338 |
_avolume _bnc _2rdacarrier |
||
| 650 | 4 |
_aالسباحة - تعليم - الرياضة _937365 |
|
| 999 |
_aA15605 _c19173 _d19173 |
||